00869cam a22003013a 450000100090000000300040000900500170001300800410003001000170007102000180008803500230010604000280012904200140015705000220017108200170019310000260021024500350023626000360027130000210030749000210032850000260034956200060037565000140038165000370039565500280043271000620046080000450052212631319LC 20160317150016.0980218s1998 nyua c 000 1 eng d a 2001546166 a9780590494304 a(OCoLC)ocm38466937 aZABcZABdLEOdOCLdDLC alccopycat00aPZ 7b.Ap648 1998 aKF Ap5b19981 aApplegate, Katherine.14aThe warning /cK.A. Applegate. aNew York :bScholastic,cc1998. a151 p. :c20 cm.1 aAnimorphs ;v#16 a"An Apple paperback." e2 0aFiction.  0aMetamorphosisvJuvenile fiction. 7aScience fiction.2gsafd2 aCopyright Paperback Collection (Library of Congress)5DLC1 aApplegate, Katherine.tAnimorphs ;v#16.